A short history of the great war (Record no. 552901)
[ view plain ]
| 000 -LEADER | |
|---|---|
| fixed length control field | 00559cam a2200157K 4500 |
| 082 04 - DEWEY DECIMAL CLASSIFICATION NUMBER | |
| Classification number | 940.4 |
| Author Mark | POL |
| 100 1# - MAIN ENTRY--PERSONAL NAME | |
| Personal name | Pollard, A. F. |
| 9 (RLIN) | 46078 |
| 245 12 - TITLE STATEMENT | |
| Title | A short history of the great war |
| Statement of responsibility, etc. | by A.F. Pollard ... with nineteen maps. |
| 260 ## - PUBLICATION, DISTRIBUTION, ETC. | |
| Place of publication, distribution, etc. | London, |
| Name of publisher, distributor, etc. | Methuen & Co. |
| Date of publication, distribution, etc. | [1920] |
| 300 ## - PHYSICAL DESCRIPTION | |
| Extent | 1 online resource (vii, [1], 411, [1] p.) |
| Other physical details | 19 maps (part fold.) |
| 526 ## - STUDY PROGRAM INFORMATION NOTE | |
| Program name | 0 |
| Interest level | 0 |
| Reading level | 0 |
| Title point value | 940_400000000000000_POL |
| 650 #0 - SUBJECT ADDED ENTRY--TOPICAL TERM | |
| Topical term or geographic name entry element | MCE |
| 9 (RLIN) | 379 |
| 650 #0 - SUBJECT ADDED ENTRY--TOPICAL TERM | |
| Topical term or geographic name entry element | World War, 1914-1918. |
| 9 (RLIN) | 28173 |
| 856 40 - ELECTRONIC LOCATION AND ACCESS | |
| Uniform Resource Identifier | <a href="http://catalog.hathitrust.org/api/volumes/oclc/47662298.html">http://catalog.hathitrust.org/api/volumes/oclc/47662298.html</a> |
| 942 ## - ADDED ENTRY ELEMENTS (KOHA) | |
| Source of classification or shelving scheme | |
| Koha item type | Book |
| Withdrawn status | Lost status | Source of classification or shelving scheme | Damaged status | Not for loan | Permanent Location | Current Location | Shelving location | Date acquired | Total Checkouts | Full call number | Barcode | Date last seen | Price effective from | Koha item type |
|---|---|---|---|---|---|---|---|---|---|---|---|---|---|---|
| Military College of Engineering (MCE) | Military College of Engineering (MCE) | 01/27/2015 | 940.4 POL | MCE-ECS/76 | 01/27/2015 | 01/27/2015 | Book |
